Der Kleine Muck

Bibliographic Details
Main Author: Hauff, Wilhelm, 1802-1827 (Author)
Format: Book
Language:Undetermined
PhysicalDescription:54 s.
Published: Praha Artia 1968

MARC

LEADER 00000nam a2200000 a 4500
001 vtls001447032
003 SK-MaSNL
005 20260302002158.0
008 240315s1968 xx 0 und
035 |a SNK000402288 
040 |a SNK  |b slo  |c SNK  |e AACR2 
100 1 |a Hauff, Wilhelm,  |d 1802-1827  |4 aut  |9 141455 
245 1 4 |a Der Kleine Muck 
260 |a Praha  |b Artia  |c 1968 
300 |a 54 s. 
958 |a OND 
999 |c 986927  |d 988857 
952 |a SNK  |b SNK  |y PREZ  |7 0  |p 17A0967583  |o snkSB 26214  |0 0  |1 0  |4 0  |d 2012-08-02  |l 0  |r 2025-03-31 00:00:00  |w 2026-02-24 
952 |t P60, <04>, [BOOK], {604}  |a SNK  |b SNK  |y VYP  |7 0  |p 17A0368419  |o snkSB 26214 D1  |0 0  |1 0  |4 0  |d 2002-12-20  |l 0  |r 2005-01-02 00:00:00  |w 2026-02-24